00360nam a2200157Ia 4500008004100000041000800041100001200049245006700061250000800128300000800136365000600144500000900150520001200159650001200171999001900183230605s9999 xx 000 0 und d aeng aKhandge aWomens literature in Indian Languages ( 1850 to 2000 ) Vol - I a1st a632 b0 a1951 aGeneral aG.SKILL c418882d418882